000 01766nam a2200253Ia 4500
008 260220t1972||||xx |||||||||||||| ||spa||
020 _a8470460358
040 _aPY-SlUNAC
_bspa
_erda
041 _aspa
082 _a465
_bM338a
100 _aMarin, Francisco Marcos
_eAutor
245 0 _aAproximación a la gramática española /
_cpor Francisco Marcos Marin [Autor]
264 _aMadrid :
_bCINCEL,
_c℗1972.
300 _a1 volumen
520 _aEn "Aproximación a la gramática española", Francisco Marcos Marin ofrece un análisis exhaustivo y accesible de las estructuras fundamentales de la lengua española. Publicado en 1972, el libro se enfoca en desglosar los componentes gramaticales esenciales, abarcando desde la fonética y la morfología hasta la sintaxis y la semántica. Marin presenta los conceptos de manera clara, utilizando ejemplos prácticos que facilitan la comprensión del lector, lo que lo convierte en una obra útil tanto para estudiantes como para docentes. Además, el autor destaca la importancia de la gramática como herramienta para la comunicación efectiva y el aprendizaje de idiomas. A lo largo de los capítulos, se enfatiza la relación entre la gramática y el uso cotidiano del español, promoviendo una perspectiva que trasciende la mera teoría. Esta obra sigue siendo relevante para quienes buscan profundizar en el estudio de la lengua española y su gramática, sirviendo como una referencia valiosa en el campo de la lingüística y la educación.
653 _aGramática
653 _aLengua española
653 _aLingüística
942 _b2026/02/17
_cBK
999 _c7294
_d7294